000
00203nam a22000857a 4500
008
161227b xxu||||| |||| 00| 0 eng d
100
_9
2184
_a
Srivastava.N
245
_a
Art-8
260
_a
New Delhi
_b
Rachna
_c
2010
999
_c
5073
_d
5073